| 000 | 00965nmc a2200361 a 4500 | ||
|---|---|---|---|
| 003 | AR-BaBNM | ||
| 005 | 20251128205524.0 | ||
| 008 | 247119s1994 ||||||||||||||000 | spa|| | ||
| 020 | _a950-742-595-0 | ||
| 040 | _cAR-BaBNM | ||
| 100 | 1 | _aCichero, Marta | |
| 245 | 1 | 0 | _aAlicia Moreau de Justo |
| 260 |
_aBuenos Aires _bPlaneta _c1994 |
||
| 300 | 0 |
_a225 p. _bil., láms. |
|
| 490 | 0 | _aMujeres argentinas | |
| 504 | _aBibliografía consultada p. 221-224 | ||
| 600 | 1 | 4 | _aDuarte de Perón, Eva |
| 600 | 1 | 4 | _aGandhi, Indira |
| 600 | 1 | 4 | _aMeir, Golda |
| 600 | 1 | 4 | _aMoreau de Justo, Alicia |
| 610 | 2 | 4 | _aPartido Socialista [Argentina] |
| 650 | 4 | _aMUJERES | |
| 650 | 4 | _aBIOGRAFIAS | |
| 650 | 4 | _aHISTORIA POLITICA ARGENTINA | |
| 650 | 4 | _aSOCIALISMO | |
| 650 | 4 | _aPARTIDOS POLITICOS ARGENTINOS | |
| 650 | 4 | _aSOCIALISTAS | |
| 651 | 4 | _aArgentina | |
| 655 | _aBIOGRAFIAS | ||
| 800 | 1 |
_aLuna, Félix _edirector |
|
| 942 | _cBK | ||
| 998 | _cMariana | ||
| 999 |
_c11735 _d11735 |
||